Responses for Show #2996 - Monday, September 15, 1997

Pam Mifflin game 2.

Contestants

[<< previous game]

Carl Bryant, a correction officer originally from Manchester, England

Margaret Walsh, a children's librarian from Danbury, Connecticut

Pam Mifflin, a computer trainer from Brookfield, Wisconsin (whose 1-day cash winnings total $17,300)

[next game >>]

Jeopardy! Round responses

THE ATLANTIC OCEAN
CELEBRITY ASTROLOGY
U.S. COINS
ANNUAL EVENTS
LIONS, TIGERS & BEARS
OH "MI"
    $100 6
Caviar

Margaret
    $100 1
Sagittarius

Margaret
    $100 18
The Liberty Bell

Margaret
    $100 9
Sauerkraut

Margaret
    $100 24
Bear

Carl
    $100 14
Minus sign

Margaret
    $200 7
Second

Pam
    $200 2
Pisces

Pam
    $200 19
$5

Carl
    $200 10
Augusta

Carl
    $200 25
Bears & tigers

Carl
    $200 15
The mighty

Carl
    $300 8
Amelia Earhart

Margaret
    $300 3
Virgo

Pam
    $300 20
Wings

Carl
    $300 11
P.T. Barnum

Pam
    $300 26
(Pam: What are bears?)

Lions & tigers

PamMargaret
    $300 23
Mitosis

Margaret
    $400 16
Cable

Carl
    $400 4
Gene Siskel

Margaret
    $400 21
Buffalo

Pam
    $400 12
Cinco de Mayo

Pam
    $400 27
Miami

Pam
    $500 17
Sargasso Sea

Carl
    $500 5
Capricorn

Pam
    $800 22
(Pam: What is [*]?)
(Alex: What is you are right!)
(Pam: What is wonderful?!)
(Alex: And we have a minute to go, Pam.)

Susan B. Anthony

Pam
    $500 13
Kwanzaa

Margaret
    $500 28
[The end-of-round signal sounds.]

mica

Carl

Scores at the first commercial break (after clue 12):

Pam Margaret Carl
$1,900 $1,000 $200

Scores at the end of the Jeopardy! Round:

Pam Margaret Carl
$3,200 $2,300 $2,600

Double Jeopardy! Round responses

ARCHAEOLOGY
AUTHORS ON AUTHORS
HERBS & SPICES
WORLD GEOGRAPHY
JOHN BROWN
____ IN THE ____
    $200 23
Vikings

Margaret
    $200 1
Gertrude Stein

Margaret
    $200 3
South Africa

Carl
    $200 14
The Underground Railroad

Margaret
    $200 11
"All In The Family"

Margaret
    $400 28
[The end-of-round signal sounds.]

Cleopatra

Pam
    $400 2
Ernest Hemingway

Carl
    $400 4
Irish Sea

Pam
    $400 15
Harper's Ferry

Carl
    $1,000 12
[Lea Thompson]

Caroline in the City

Margaret
    $600 27
Babylon

Pam
    $600 8
Jane Austen

Margaret
    $600 24
Nutmeg

Margaret
    $600 5
Lithuania

Pam
    $600 16
"The Battle Hymn of the Republic"

Carl
    $600 13
"Cat's In The Cradle"

Margaret
    $1,000 21
(Carl: What is the Venus de Milo?)

the Winged Victory of Samothrace

Carl
    $800 9
(Margaret: What is a raven?)

Crow

PamMargaret
    $800 25
Cilantro

Carl
    $800 6
Atacama

Pam
    $800 17
Kansas

Pam
    $800 19
"Flowers In The Attic"

Margaret
    $1000 22
(Alex: We have less than a minute to go in the round.)

Blackbeard

Pam
    $1000 10
George Bernard Shaw

Pam
    $1000 26
Tarragon

Triple Stumper
    $1000 7
Alberta

Pam
    $1000 18
James Buchanan

Pam
    $1000 20
"Murder In The First"

Carl

Scores at the end of the Double Jeopardy! Round:

Pam Margaret Carl
$11,600 $5,900 $5,000

[wagering suggestions for these scores]

Final Jeopardy! Round responses

COMPOSERS
[Larson's Rent was inspired by La boheme; Hwang's M. Butterfly was inspired by Madama Butterfly.]
(Alex: Pam, let's take a look at your wager... Holy smokes! $11,000.)
CarlWho was Verdi?
$5,000
MargaretWho is Foster
$3,500
PamWho is Puccini?
$11,000
Giacomo Puccini

Final scores:

Pam Margaret Carl
$22,600 $2,400 $0
2-day champion: $39,900 2nd place: Trip to St. James Club, Antigua 3rd place: Panasonic IQ Series Palmcorder

Game dynamics:

Coryat scores:

Pam Margaret Carl
$11,300 $5,300 $6,000
20 R
(including 1 DD),
1 W
19 R
(including 1 DD),
1 W
15 R,
1 W
(including 1 DD)

Combined Coryat: $22,600

[game clues] [game scores] [suggest correction]

Game tape date: Unknown
The J! Archive is created by fans, for fans. Scraping, republication, monetization, and malicious use prohibited; this site may use cookies and collect identifying information. See terms. The Jeopardy! game show and all elements thereof, including but not limited to copyright and trademark thereto, are the property of Jeopardy Productions, Inc. and are protected under law. This website is not affiliated with, sponsored by, or operated by Jeopardy Productions, Inc. Join the discussion at JBoard.tv.